书目信息 |
| 题名: |
《彷徨》赏读
|
|
| 作者: | 刘少影 主编 | |
| 分册: | ||
| 出版信息: | 沈阳 辽海出版社 2019 |
|
| 页数: | 251页 | |
| 开本: | 21cm | |
| 丛书名: | 鲁迅经典 | |
| 单 册: | ||
| 中图分类: | I210.976 | |
| 科图分类: | ||
| 主题词: | ||
| 电子资源: | ||
| ISBN: | 978-7-5451-5266-1 | |
| 000 | 00933nam2 2200253 4545 | |
| 001 | 012001008098 | |
| 005 | 20130122102039.0 | |
| 010 | @a978-7-5451-5266-1@dCNY38.00 | |
| 100 | @a20190528d2019 em y0chiy50 ea | |
| 101 | 0 | @achi |
| 102 | @aCN@b210000 | |
| 105 | @aa z 000yy | |
| 106 | @ar | |
| 200 | 1 | @a《彷徨》赏读@9《pang huang 》 shang du@b专著@f刘少影主编 |
| 210 | @a沈阳@c辽海出版社@d2019 | |
| 215 | @a251页@c图@d21cm | |
| 225 | 2 | @a鲁迅经典 |
| 330 | @a本书包括原著和赏读两部分。原著是鲁迅的小说作品集,共收入其1924年至1925年所作小说十一篇,如《伤逝》《长明灯》《高老夫子》《肥皂》《祝福》《离婚》等。本书除了收录原书外,主要告诉读者对原书如何进行鉴赏,以引导读者更好地阅读和理解原著的精华所在,提高其鉴赏能力。 | |
| 461 | 0 | @12001 @a鲁迅经典 |
| 605 | @a《彷徨》@x小说评论 | |
| 690 | @aI210.976@v5 | |
| 701 | 0 | @a刘少影@9liu shao ying@4主编 |
| 801 | 2 | @aCN@b上海新华@c20191020 |
| 905 | @b1134430-3@dI210.976@e364@f4 | |
| 《彷徨》赏读/刘少影主编.-沈阳:辽海出版社,2019 |
| 251页:图;21cm.-(鲁迅经典) |
| ISBN 978-7-5451-5266-1:CNY38.00 |
| 本书包括原著和赏读两部分。原著是鲁迅的小说作品集,共收入其1924年至1925年所作小说十一篇,如《伤逝》《长明灯》《高老夫子》《肥皂》《祝福》《离婚》等。本书除了收录原书外,主要告诉读者对原书如何进行鉴赏,以引导读者更好地阅读和理解原著的精华所在,提高其鉴赏能力。 |
| ● |
| 相关链接 |
|
|
|
|
正题名:《彷徨》赏读
索取号:I210.976/364
 
预约/预借
| 序号 | 登录号 | 条形码 | 馆藏地/架位号 | 状态 | 备注 |
| 1 | 1134430 | 211344302 | 第一样本阅览室/ [索取号:I210.976/364] | 在馆 | |
| 2 | 1134431 | 211344311 | 第二借阅区/ [索取号:I210.976/364] | 在馆 | |
| 3 | 1134432 | 211344320 | 第二借阅区/ [索取号:I210.976/364] | 在馆 | |
| 4 | 1134433 | 211344339 | 第二借阅区/ [索取号:I210.976/364] | 在馆 |